000 004450000a22001690004500
003 MACL
005 20160101155709.0
008 160101b xxu||||| |||| 00| 0 eng d
040 _aMACL
_cMACL
041 _aEnglish
082 _a508/DAN
100 _aDavis, J R Ainsworth
_926617
245 _aScience in Modern Life
_bvol 5
260 _bThe Gresham Publishing Company
_aLondon
650 _aNatural History
_95610
942 _cBK
_k508/DAV
_2ddc
999 _c37438
_d37438